000 00675nam a2200181 i 4500
001 65271
003 ES-MaACL
005 20230906165333.0
007 t|
008 040112s1916 xxk ||||1| eng d
100 1 _aFreeman, John.
_952428
245 1 4 _aThe moderns
_b: essays in literary criticism /
_cJohn Freeman.
260 _aLondon :
_bRubret Scott,
_c1916.
300 _aV, 341 p. ;
_c19 cm.
505 8 _aContiene: George Bernard Shaw, H.G. Wells, Thomas Hardy, Maurice Maeterlinck, Henry James, Joseph Conrad, Coventry Patmore and Francis Thompson, Robert Bridges
650 4 _aLiteratura inglesa-
_yS.XX-
_xHistoria y crítica.
_9164156
852 _aES-MaACL
_jC-939
999 _c65271
_d65271